Geografia europea con la lettera O - Statistics

Statistiche generali
  • Questo quiz è stato fatto 174 volte
  • Il punteggio medio è 10 su 17
Statistiche sulle risposte
DOMANDA RISPOSTA % Corretto
La capitale norvegese Oslo
96%
Il monte greco degli dei Olimpo
94%
La più antica università inglese Oxford
93%
Famoso festival della birra che si tiene ogni anno a Monaco Oktoberfest
92%
La Spagna è la più grande produttrice di questo olio Oliva/Olivo
74%
Città francese; esiste una "new" in Louisiana Orleans
72%
Nome corretto della seconda città del Portogallo Oporto
71%
Famosa città ucraine sul mar Nero Odessa
61%
Stadio del Manchester United Old Trafford
60%
Il comune più a est d'Italia Otranto
56%
Nome tedesco dell'Austria Osterreich
54%
Termine usato per le province russe o ucraine Oblast
37%
Fiume che scorre al confine tra Germania e Polonia Oder
29%
Arcipelago scozzese Orkney/Orcadi
27%
Una delle spiagge del D-Day Omaha
22%
Ponte che collega Malmo e Copenaghen Oresund
19%
La più grande città del nord della Finlandia Oulu
14%
Nessun quiz corrispondente trovato
Distribuzione punteggi
Percentuale di utenti per punteggio
Percentile per numero di risposta
I tuoi punteggi nel tempo
Non hai fatto questo quiz